000 01107nam a2200229Ia 4500
001 L922-41295
003 IT-CnALBA
008 170116s9999||||xx |||||||||||||| ||und||
040 _aIT-CnALBA
_cIT-CnALBA
041 _aITALIANO
100 _aBELLOC HILAIRE
245 0 _aMILTON.
250 _a1a ed.
260 _aCINISELLO BALSAMO (MI)
_bEDIZIONI PAOLINE
_c1963 [1° Ed.:1963 - Ed.Ling.Originale: 1935]
300 _a351 p.
500 _aTEMPI E FIGURE. TRADUZIONE DI BALLINI F. IL TEMPO E IL LUOGO. L'UOMO E IL POETA. LA LIRICA. LA POLEMICA. OPERE DEL DIVORZIO. AEROPAGITICA. BONACCIA. SCRITTI REGICIDI. EIKONOKLASTES. SONETTI. POESIA EPICA. DE DOCTRINA.
501 _aSocietà San Paolo EM - Piazza San Paolo, 14 - 12051 ALBA (CN) (non commercial uses only) ® Copyright 2017
520 _aTEMPI E FIGURE. TRADUZIONE DI BALLINI F. IL TEMPO E IL LUOGO. L'UOMO E IL POETA. LA LIRICA. LA POLEMICA. OPERE DEL DIVORZIO. AEROPAGITICA. BONACCIA. SCRITTI REGICIDI. EIKONOKLASTES. SONETTI. POESIA EPICA. DE DOCTRINA.
650 _aBIOGRAFIE, UOMINI ILLUSTRI
942 _cBK
957 _71
999 _a46382
_bNO
_g Copie: 1
_c300262
_d300262